000 00694nam a2200241Ia 4500
003 OSt
005 20220923213404.0
006 a|||||r|||| 00| 0
007 ta
008 220922b |||||||| |||| 00| 0 hin d
024 _a161,376
037 _cTextual
040 _aARTS
_cARTS
_bhin
041 _2hin
_ahin
082 _aO152,7M89,UC, L3
100 _aजयशंकर प्रसाद
245 0 _aउर्वशी चम्पू
246 _aUrvashī champū
260 _c1973
650 _aहिन्दी साहित्य
_9156264
942 _hO152,7M89,UC, L3
_cTEXL
_2CC
999 _c316047
_d316047